• 首页
  • 本馆介绍
  • 公告通知
  • 最新文献
  • 馆藏检索
  • 电子资源
  • 读者导购
  • 参考咨询
  • 我的图书馆
  • 登录
  • 详细信息显示
  • 放入我的书架
  • 预约/预借图书
  • 作者相关作品
  • 分类相关作品
  • 丛书相关作品
  • 出版社相关作品

书目信息

  • 表格格式
  • 工作单格式
  • 卡片格式
题名:
吃饭有讲究
    
 
作者: 刘厚清, , 王翠兰, 编著
分册:  
出版信息: 北京   中国农业出版社  2016
页数: 234页
开本: 21cm
丛书名:
单 册:
中图分类: R155.1
科图分类:
主题词: 饮食营养学--yin shi ying yang xue
电子资源:
ISBN: 978-7-109-21705-8
000 01319nam0 2200277 450
001 1672367078
005 20160912091502.0
010    @a978-7-109-21705-8@dCNY35.00
100    @a20160912d2016 em y0chiy50 ea
101 0  @achi
102    @aCN@b110000
105    @aak a 000yy
106    @ar
200 1  @a吃饭有讲究@Achi fan you jiang jiu@e食品的功能性成分对健康的作用@f刘厚清, 王翠兰编著
210    @a北京@c中国农业出版社@d2016
215    @a234页@c图@d21cm
320    @a有书目 (第223-232页)
330    @a在导致疾病、亚健康状态等的诸多原因中,饮食习惯不良是主要原因之一。另一方面,根据三功能理论,增强免疫力、预防疾病、维持健康应是食物的重要功能之一。目前,国内已有较多的论证各种蔬菜、肉类、水果的健康饮食和功能性饮食的书籍,但在主食,特别是米的方面则相对较少。这与国外,如美国、日本及国内一些地区,如港澳台的流行健康理念形成了对比。针对这种情况,此书从功能性食品的角度,对米等食品的食品功能性进行了介绍和分析,并对其的安全等方面进行了解析。
333    @a大众读者。
517 1  @a食品的功能性成分对健康的作用@Ashi pin de gong neng xing cheng fen dui jian kang de zuo yong
606 0  @a饮食营养学@Ayin shi ying yang xue
690    @aR155.1@v5
701  0 @a刘厚清,@Aliu hou qing@f1956-@4编著
701  0 @a王翠兰,@Awang cui lan@f1954-@4编著
801  0 @aCN@b江苏新华@c20150511
905    @aBZT@dR155.1@e10
    
    吃饭有讲究:食品的功能性成分对健康的作用/刘厚清, 王翠兰编著.-北京:中国农业出版社,2016
    234页:图;21cm
    使用对象:大众读者。
    
    ISBN 978-7-109-21705-8:CNY35.00
    在导致疾病、亚健康状态等的诸多原因中,饮食习惯不良是主要原因之一。另一方面,根据三功能理论,增强免疫力、预防疾病、维持健康应是食物的重要功能之一。目前,国内已有较多的论证各种蔬菜、肉类、水果的健康饮食和功能性饮食的书籍,但在主食,特别是米的方面则相对较少。这与国外,如美国、日本及国内一些地区,如港澳台的流行健康理念形成了对比。针对这种情况,此书从功能性食品的角度,对米等食品的食品功能性进行了介绍和分析,并对其的安全等方面进行了解析。
●
相关链接 在五车中查询图书 在当当中查询图书 在豆瓣中查询图书


正题名:吃饭有讲究     索取号:R155.1/10         预约/预借

序号 登录号 条形码 馆藏地/架位号 状态 备注
1 798124   2000798124   第二书库/ [索取号:R155.1/10] 在馆    
2 798125   2000798125   第二书库/ [索取号:R155.1/10] 已借出,限还日期为2026.04.30
借出人:钟旭山  
 
3 798126   2000798126   第二书库/ [索取号:R155.1/10] 在馆    
山东省滨州职业学院图书馆 欢迎您!
大连网信软件有限公司© 版权所有